| 000 | 01399cam a22004097a 4500 | ||
|---|---|---|---|
| 003 | CHAP | ||
| 005 | 20220817043425.0 | ||
| 008 | 980317s1990 mx r 00110 spa d | ||
| 010 | _a75002 | ||
| 011 | _a75974 | ||
| 020 | _a9682316685 | ||
| 035 | _a85548 | ||
| 040 | _cCHAP | ||
| 082 | 0 | 4 |
_a301.35 _bE89 1990 |
| 100 | 0 | 0 |
_aEsteva, Gustavo. _938301 |
| 245 | 1 | 2 |
_aLa batalla en el México rural _c/por Gustavo Esteva |
| 250 | _a7 ed. | ||
| 260 | 0 |
_aMéxico, D. F. : _bSiglo XXI, _c1990. |
|
| 300 | _a243 p. | ||
| 490 | 0 | _aSociología y política | |
| 590 |
_aBATCH-UPD _b10 _c20130110 _lUCH01 _h0956 |
||
| 590 |
_aBATCH-UPD _b10 _c20130410 _lUCH01 _h0609 |
||
| 590 |
_aBATCH-UPD _b10 _c20130914 _lUCH01 _h0043 |
||
| 590 |
_aCONVERSION _b10 _c20130109 _lUCH01 _h1341 |
||
| 650 | 1 | 4 |
_aAgricultura _zMéxico. _91932 |
| 650 | 1 | 4 |
_aCampesinado _zMéxico. |
| 650 | 1 | 4 |
_aDesarrollo rural. _932067 |
| 650 | 1 | 4 |
_aMéxico _xCondiciones rurales. |
| 650 | 1 | 4 |
_aReforma agraria _zMéxico. _995596 |
| 830 | 0 |
_aSociología y política _9108249 |
|
| 901 | _aBK | ||
| 905 | _aLilia Sánchez G. | ||
| 942 | _cLIBRO | ||
| 949 |
_a301.35 E89 1990 _bBC _cLIBRO _d33724000689303 _eLIBRO _gI. c/e _h92547 _i85548 _si _t$37.00 |
||
| 949 |
_a301.35 E89 1990 _bBC _cLIBRO _d33724000689311 _eLIBRO _fc.2 _gI. c/e _h92548 _i85548 _si _t$37.00 |
||
| 949 |
_a301.35 E89 1990 _bBC _cLIBRO _d33724002132743 _eLIBRO _fc.3 _gI.c/e _h111285 _i85548 _si |
||
| 999 |
_c75002 _d75002 |
||